000 00787nam a2200265 4500
005 20150720133200.0
008 720731s1972 caua b 001 0 eng
010 _a 70153552
020 _a0520020219
035 _aAAB7654LB
035 _a(OCoLC)ocm00363136
040 _aDLC
_cDLC
_dm.c.
_dSMI
_dWaOLN
049 _aSMIH
050 _aBF1429
_b.S58
099 _aBF1429.S58X
100 1 _aShumaker, Wayne
_918461
245 1 4 _aThe occult sciences in the Renaissance;
_ba study in intellectual patterns.
260 _aBerkeley,
_bUniversity of California Press
_c[1972]
300 _axxi, 284 p.
_billus.
_c26 cm.
504 _aBibliography: p. 260-266.
650 0 _aOccultism
_xHistory
_918462
650 0 _aRenaissance
_92590
942 _2lcc
_cMONOGRAPH
945 _aRCP005
999 _c123018
_d123018